Loading...
Study of Mahimabhatta's vyaktiviveka /
| Main Author: | |
|---|---|
| Format: | Printed Book |
| Language: | English |
| LEADER | 00333nam a22000977a 4500 | ||
|---|---|---|---|
| 008 | 160713b xxu||||| |||| 00| 0 eng d | ||
| 100 | |a Rajendran, C | ||
| 245 | |a Study of Mahimabhatta's vyaktiviveka / | ||
| 942 | |c BK | ||
| 999 | |c 250180 |d 250180 | ||
| 952 | |0 0 |1 0 |4 0 |7 0 |9 278390 |a SAN |b SAN |c ST1 |d 2016-07-13 |i 6131 |l 1 |p SAN6131 |r 2016-09-07 |s 2016-07-13 |w 2016-07-13 |y BK | ||